| 000 | 00616cam a22002411 4500 | ||
|---|---|---|---|
| 999 |
_c7192 _d7192 |
||
| 001 | 7192 | ||
| 003 | BD-JhCC | ||
| 005 | 20180422185139.0 | ||
| 008 | 710915s1949 ii b 000 0 eng | ||
| 035 | _a(BD-JhCC)7192 | ||
| 040 |
_aDLC _cDLC _dDLC _d(BD-JhCC) |
||
| 041 | _aeng | ||
| 050 | 0 | 0 |
_aH83 _b.S33 |
| 082 |
_bHAQ 1965 _a320.473 |
||
| 100 | 1 | _aHaq, Md. Sirajul | |
| 245 | 0 | 0 |
_aPrinciples of civics / _cMd. Sirajul Haq |
| 260 |
_aBangalore, _bKrishna Pub. House _c[1949] |
||
| 300 |
_aix, 102 p. _c19 cm. |
||
| 504 | _aBibliographical footnotes. | ||
| 650 | 0 | _aCivics. | |
| 942 |
_2ddc _cBK |
||